[Event "SLO-chT2 West"]
[Site "Ljubljana"]
[Date "2013.11.17"]
[Round "9.4"]
[White "Ursic, Simona"]
[Black "Djuric, Petar2222"]
[Result "1/2-1/2"]
[WhiteElo "2034"]
[BlackElo "2000"]
[PlyCount "32"]
[EventDate "2013.11.08"]
[EventType "team"]
[EventRounds "9"]
[EventCountry "SLO"]
[SourceTitle "EXT 2015"]
[Source "ChessBase"]
[SourceDate "2014.11.20"]
[SourceVersion "1"]
[SourceVersionDate "2014.11.20"]
[SourceQuality "1"]
[WhiteTeam "Hidria Tolmin"]
[BlackTeam "Stari Mayr Kranj"]
[WhiteTeamCountry "SLO"]
[BlackTeamCountry "SLO"]

1. e4 c5 2. c3 d5 3. exd5 Qxd5 4. d4 Nf6 5. Nf3 Bg4 6. Be2 cxd4 7. cxd4 e6 8. Nc3 Bb4 9. 0-0 Qa5 10. Qb3 Nbd7 11. a3 Bxc3 12. bxc3 Qc7 13. h3 Bh5 14. Rb1 b6 15. Be3 0-0 16. Rfe1 Nd5 1/2-1/2

[Event "SLO-chT2 West"]
[Site "Ljubljana"]
[Date "2013.11.10"]
[Round "4.4"]
[White "Jukan, Nesib"]
[Black "Ursic, Simona"]
[Result "1-0"]
[WhiteElo "1973"]
[BlackElo "2034"]
[PlyCount "129"]
[EventDate "2013.11.08"]
[EventType "team"]
[EventRounds "9"]
[EventCountry "SLO"]
[SourceTitle "EXT 2015"]
[Source "ChessBase"]
[SourceDate "2014.11.20"]
[SourceVersion "1"]
[SourceVersionDate "2014.11.20"]
[SourceQuality "1"]
[WhiteTeam "Trzin"]
[BlackTeam "Hidria Tolmin"]
[WhiteTeamCountry "SLO"]
[BlackTeamCountry "SLO"]

1. d4 Nf6 2. Bg5 Ne4 3. Bf4 d5 4. Nd2 Bf5 5. Ngf3 e6 6. e3 Nd7 7. Nxe4 Bxe4 8. Bd3 Be7 9. 0-0 0-0 10. c4 Nf6 11. Bxe4 Nxe4 12. cxd5 exd5 13. Rc1 Bd6 14. Bxd6 Qxd6 15. Nd2 Rae8 16. Nxe4 Rxe4 17. Qc2 c6 18. Qc5 Qxc5 19. Rxc5 f5 20. Ra5 a6 21. Ra3 f4 22. Rb3 Rf7 23. g3 g5 24. h3 Kf8 25. Kg2 Ke8 26. f3 Rxe3 27. Rxe3+ fxe3 28. Re1 Re7 29. Kf1 c5 30. dxc5 d4 31. Ke2 Rd7 32. Kd3 Kd8 33. b4 Kc7 34. a4 Kc6 35. Rf1 a5 36. Rb1 axb4 37. Rxb4 Kxc5 38. Rb5+ Kc6 39. Rxg5 Rd5 40. Rg7 Rd7 41. Rg8 Re7 42. Rc8+ Kb6 43. Rc1 Rc7 44. Rb1+ Ka5 45. Kxd4 e2 46. Kd3 Kxa4 47. Kxe2 b5 48. Ra1+ Kb3 49. Rb1+ Ka4 50. Kd2 b4 51. Rc1 Rd7+ 52. Kc2 b3+ 53. Kc3 Rc7+ 54. Kb2 Rf7 55. Rc4+ Kb5 56. Rc3 Re7 57. Kxb3 Re2 58. f4 Rf2 59. Re3 Kc5 60. Kc3 Ra2 61. Kd3 Ra4 62. Ke2 Kd5 63. Kf3 Kd6 64. Kg4 Ra5 65. f5 1-0

[Event "SLO-chT2 West"]
[Site "Ljubljana"]
[Date "2013.11.09"]
[Round "2.4"]
[White "Ursic, Simona"]
[Black "Zeleznik, Alojz"]
[Result "0-1"]
[WhiteElo "2034"]
[BlackElo "2183"]
[PlyCount "80"]
[EventDate "2013.11.08"]
[EventType "team"]
[EventRounds "9"]
[EventCountry "SLO"]
[SourceTitle "EXT 2015"]
[Source "ChessBase"]
[SourceDate "2014.11.20"]
[SourceVersion "1"]
[SourceVersionDate "2014.11.20"]
[SourceQuality "1"]
[WhiteTeam "Hidria Tolmin"]
[BlackTeam "Jesenice"]
[WhiteTeamCountry "SLO"]
[BlackTeamCountry "SLO"]

1. e4 c5 2. c3 e6 3. d4 d5 4. exd5 exd5 5. Nf3 Nc6 6. Bb5 Bd6 7. 0-0 Nge7 8. dxc5 Bxc5 9. Nbd2 0-0 10. Nb3 Bd6 11. Nbd4 Bg4 12. Qd3 Bh5 13. Bg5 Qb6 14. Rfe1 Rfe8 15. a4 Bg6 16. Qd2 Qc7 17. a5 a6 18. Ba4 f6 19. Be3 Rec8 20. Ne6 Qd7 21. Bb6 Bf7 22. Nfd4 Re8 23. f4 Nc8 24. Nc5 Bxc5 25. Bxc5 Nd6 26. Bb6 Nc4 27. Qf2 Nd6 28. Rad1 Rxe1+ 29. Rxe1 Ne4 30. Qh4 Re8 31. Re3 Nd6 32. Qe1 Rxe3 33. Qxe3 Nf5 34. Nxf5 Qxf5 35. Qd2 Qe6 36. Kf2 Bg6 37. Qe3 Be4 38. Bd1 Ne7 39. Bf3 Nf5 40. Qc5 Bxf3 0-1

[Event "SLO-chT2 West"]
[Site "Ljubljana"]
[Date "2013.11.08"]
[Round "1.4"]
[White "Muhic, Jure"]
[Black "Ursic, Simona"]
[Result "1/2-1/2"]
[WhiteElo "1694"]
[BlackElo "2034"]
[PlyCount "57"]
[EventDate "2013.11.08"]
[EventType "team"]
[EventRounds "9"]
[EventCountry "SLO"]
[SourceTitle "EXT 2015"]
[Source "ChessBase"]
[SourceDate "2014.11.20"]
[SourceVersion "1"]
[SourceVersionDate "2014.11.20"]
[SourceQuality "1"]
[WhiteTeam "Dolenjske Toplice"]
[BlackTeam "Hidria Tolmin"]
[WhiteTeamCountry "SLO"]
[BlackTeamCountry "SLO"]

1. c4 Nf6 2. Nc3 d6 3. g3 e5 4. Bg2 c6 5. d4 Nbd7 6. e4 Be7 7. Nge2 0-0 8. 0-0 a6 9. a4 a5 10. f4 exd4 11. Nxd4 Nc5 12. Kh1 Bg4 13. Qc2 Nfd7 14. Be3 Bf6 15. b3 Bxd4 16. Bxd4 f6 17. Rab1 Qe7 18. Rfe1 Qe6 19. Ne2 Bh3 20. Bxc5 Nxc5 21. Nd4 Bxg2+ 22. Kxg2 Qf7 23. Nf5 Rad8 24. Re3 Rfe8 25. Rbe1 Qd7 26. Nd4 Re7 27. Nf5 Ree8 28. Nd4 Re7 29. Nf5 1/2-1/2

[Event "Ljubljana-chT 64th Superliga"]
[Site "Ljubljana"]
[Date "2011.02.10"]
[Round "4.2"]
[White "Ursic, Simona"]
[Black "Debevec, Blaz"]
[Result "0-1"]
[WhiteElo "2064"]
[BlackElo "2131"]
[PlyCount "166"]
[EventDate "2011.01.13"]
[EventType "team-tourn"]
[EventRounds "9"]
[EventCountry "SLO"]
[SourceTitle "EXT 2022"]
[Source "ChessBase"]
[SourceDate "2021.10.06"]
[SourceVersion "1"]
[SourceVersionDate "2021.10.06"]
[SourceQuality "1"]
[WhiteTeam "Klinicni Center II"]
[BlackTeam "Komenda Popotnik"]
[WhiteTeamCountry "SLO"]
[BlackTeamCountry "SLO"]

1. e4 e6 2. d4 d5 3. Nd2 Nf6 4. e5 Nfd7 5. Bd3 c5 6. c3 Nc6 7. Ne2 cxd4 8. cxd4 f6 9. exf6 Nxf6 10. 0-0 Bd6 11. Nf3 0-0 12. Bg5 Qc7 13. Bh4 Ne4 14. Nc3 Nxc3 15. bxc3 g6 16. c4 Bd7 17. Rc1 Rf7 18. Bg3 Bxg3 19. hxg3 Raf8 20. Bb1 Qd6 21. c5 Qe7 22. Qd2 Qf6 23. Rce1 Kg7 24. Ne5 Nxe5 25. Rxe5 Bb5 26. Bd3 Bxd3 27. Qxd3 Rc7 28. Qb5 Qf7 29. f3 Rc6 30. Rb1 Rc7 31. Rbe1 Re7 32. Qa5 Ra8 33. Qb5 Rc8 34. Qb3 Rd8 35. a4 Kf8 36. a5 a6 37. Qb6 Rde8 38. c6 bxc6 39. Qxc6 Rc7 40. Qxa6 Ra7 41. Qb6 Rb7 42. Qc5+ Kg7 43. a6 Rc7 44. Qb6 Rce7 45. Rc1 h5 46. Ra1 h4 47. gxh4 Rh8 48. a7 Ra8 49. Rae1 Raxa7 50. Rxe6 Rxe6 51. Rxe6 Ra1+ 52. Kf2 Qf4 53. Rxg6+ Kh7 54. Qb5 Kxg6 55. Qc6+ Kg7 56. Qd7+ Qf7 57. Qg4+ Kh7 58. h5 Ra2+ 59. Kg1 Ra6 60. Qg5 Rf6 61. Qe5 Rf5 62. Qe3 Rxh5 63. g4 Rh6 64. Kg2 Re6 65. Qd3+ Kg7 66. Qb5 Re3 67. Qf1 Qf4 68. Qd1 Ra3 69. Qe2 Qe3 70. Qd1 Rd3 71. Qf1 Rd2+ 72. Kg3 Rxd4 73. Qa1 Qf4+ 74. Kh3 Qxf3+ 75. Kh2 Qf4+ 76. Kh1 Qe4+ 77. Kh2 Qe5+ 78. Kh1 Re4 79. Qa7+ Qe7 80. Qa1+ d4 81. Qa8 Qh4+ 82. Kg2 Qxg4+ 83. Kf2 Qf4+ 0-1

[Event "SLO-chT (Women)"]
[Site "Slovenia"]
[Date "2010.??.??"]
[Round "2"]
[White "Mar, Karmen"]
[Black "Ursic, Simona"]
[Result "0-1"]
[WhiteElo "2235"]
[BlackElo "2060"]
[PlyCount "146"]
[EventDate "2010.??.??"]
[EventType "team-tourn"]
[EventRounds "9"]
[EventCountry "SLO"]
[SourceTitle "EXT 2012"]
[Source "ChessBase"]
[SourceDate "2011.11.24"]
[SourceVersion "1"]
[SourceVersionDate "2011.11.24"]
[SourceQuality "1"]

1. e4 e5 2. Nf3 Nc6 3. Bc4 Bc5 4. 0-0 Nf6 5. d3 d6 6. c3 0-0 7. Bb3 a6 8. Nbd2 Ba7 9. Nc4 Ne7 10. Nh4 Ng6 11. Nxg6 hxg6 12. Bg5 Be6 13. Ne3 Qe8 14. Bxf6 gxf6 15. Qf3 Kg7 16. Qg3 Rh8 17. Rad1 Rh5 18. Rd2 Qh8 19. d4 Qe8 20. Bd1 Rg5 21. Qf3 exd4 22. cxd4 Bd7 23. Nd5 Qd8 24. h4 Rh5 25. Qg3 Rh6 26. h5 c6 27. Ne3 Qa5 28. Nc4 Qb4 29. Qxd6 Qxc4 30. Qxd7 Rah8 31. g3 Qxa2 32. Qxb7 Qa5 33. Bb3 Rf8 34. Bd1 Qxd2 35. Qxa7 Qxb2 36. Qxa6 Qxd4 37. Qxc6 Rb8 38. Qd5 Rd8 39. Qxd4 Rxd4 40. hxg6 fxg6 41. Bf3 Kf7 42. Rd1 Rb4 43. Rd2 Rb1+ 44. Bd1 Rh8 45. Kg2 Re8 46. Kf3 Rc8 47. Be2 Rc3+ 48. Bd3 Rb4 49. Ke2 Ke6 50. Bc2 Rb6 51. Bd3 Ke5 52. Ke3 Rd6 53. Rd1 Rd8 54. f4+ Ke6 55. Ke2 Rd6 56. Ke3 g5 57. e5 fxe5 58. fxg5 Rd4 59. g6 Kf6 60. Ke2 e4 61. Bb1 Rxd1 62. Kxd1 Rc4 63. Ba2 Rd4+ 64. Ke2 Kxg6 65. Ke3 Ra4 66. Bd5 Kf5 67. g4+ Ke5 68. Bf7 Ra3+ 69. Ke2 Kf4 70. Bg6 Ra2+ 71. Ke1 e3 72. Bf7 Rb2 73. Be6 Kf3 0-1

[Event "SLO-chT (Women)"]
[Site "Slovenia"]
[Date "2010.??.??"]
[Round "8"]
[White "Topic, Jelena"]
[Black "Ursic, Simona"]
[Result "1/2-1/2"]
[WhiteElo "1920"]
[BlackElo "2060"]
[PlyCount "133"]
[EventDate "2010.??.??"]
[EventType "team-tourn"]
[EventRounds "9"]
[EventCountry "SLO"]
[SourceTitle "EXT 2012"]
[Source "ChessBase"]
[SourceDate "2011.11.24"]
[SourceVersion "1"]
[SourceVersionDate "2011.11.24"]
[SourceQuality "1"]

1. e4 e5 2. Nf3 Nc6 3. Bc4 Bc5 4. c3 Nf6 5. d3 d6 6. h3 a6 7. Bb3 0-0 8. 0-0 Nh5 9. Ng5 Nf6 10. Bc2 Ba7 11. Qe2 h6 12. Nf3 Nh5 13. Nxe5 Ng3 14. Qf3 Nxf1 15. Nxc6 bxc6 16. Kxf1 f5 17. Bb3+ Kh8 18. Qh5 Qf6 19. Nd2 Be6 20. Nf3 Bf7 21. Qxf5 Qxf5 22. exf5 Rae8 23. d4 Bxb3 24. axb3 Rxf5 25. Rxa6 Bb6 26. b4 c5 27. bxc5 dxc5 28. Be3 cxd4 29. Nxd4 Rf6 30. Nc2 Rd6 31. g3 Red8 32. Nd4 Rb8 33. Ra2 Rf8 34. b4 Rd7 35. Kg2 Re8 36. Ra6 Rd5 37. h4 Kg8 38. Kf3 Rd6 39. Ra2 c5 40. bxc5 Bxc5 41. Kg2 Rf6 42. Ra5 Rc8 43. Rb5 Rf7 44. Rb3 Ba7 45. Ra3 Rb7 46. Kf1 Bc5 47. Ra4 Be7 48. c4 Rb4 49. Nf5 Rb1+ 50. Kg2 Bf8 51. c5 Rc6 52. Ra8 Kf7 53. Ra7+ Kf6 54. Nxg7 Bxc5 55. Nh5+ Ke6 56. Nf4+ Kd6 57. Bxc5+ Kxc5 58. Ra5+ Kd6 59. Rh5 Ke7 60. g4 Kf7 61. g5 Rb4 62. Kg3 Rc3+ 63. f3 Rbb3 64. g6+ Kg7 65. Rf5 Rxf3+ 66. Kg4 Rxf4+ 67. Rxf4 1/2-1/2

[Event "SLO-chT (Women)"]
[Site "Slovenia"]
[Date "2010.??.??"]
[Round "5"]
[White "Ursic, Simona"]
[Black "Mihevc Mohr, Narcisa"]
[Result "0-1"]
[WhiteElo "2060"]
[BlackElo "2125"]
[PlyCount "138"]
[EventDate "2010.??.??"]
[EventType "team-tourn"]
[EventRounds "9"]
[EventCountry "SLO"]
[SourceTitle "EXT 2012"]
[Source "ChessBase"]
[SourceDate "2011.11.24"]
[SourceVersion "1"]
[SourceVersionDate "2011.11.24"]
[SourceQuality "1"]

1. e4 c5 2. c3 Nf6 3. e5 Nd5 4. d4 cxd4 5. Nf3 Nc6 6. cxd4 d6 7. Bc4 Nb6 8. Bb5 d5 9. 0-0 a6 10. Bxc6+ bxc6 11. Re1 e6 12. Bg5 Qc7 13. Nbd2 h6 14. Be3 Rb8 15. Rc1 Be7 16. Re2 a5 17. Qc2 Bd7 18. Ne1 c5 19. dxc5 Bb5 20. Nd3 Nd7 21. Nf3 Bxd3 22. Qxd3 Nxe5 23. Nxe5 Qxe5 24. Bd4 Qg5 25. Qc3 0-0 26. a3 Rfe8 27. Rce1 a4 28. Re5 Qg6 29. R5e3 Rb3 30. Qa5 Rxe3 31. Bxe3 e5 32. Rc1 Qc6 33. Qe1 f5 34. Bd2 Bf6 35. Bb4 d4 36. Qe2 e4 37. Qc4+ Kh7 38. b3 axb3 39. Qxb3 d3 40. h3 Rd8 41. Rd1 Rd7 42. Qc4 Qa4 43. Qc1 Bb2 44. Qd2 Bxa3 45. Bxa3 Qxa3 46. c6 Rf7 47. Rc1 Qd6 48. Qc3 Rc7 49. Qa5 g6 50. Qa2 f4 51. Rb1 Qxc6 52. Rb8 Rb7 53. Qa5 f3 54. Qd8 Qc1+ 55. Kh2 Qc7+ 56. Kg1 Qxd8 57. Rxd8 fxg2 58. Kxg2 Rf7 59. Rd4 Rf4 60. Rd7+ Kg8 61. Kg3 g5 62. Kg2 Kf8 63. Kg3 Ke8 64. Rd6 Ke7 65. Ra6 Rf6 66. Ra4 Re6 67. Rd4 Kf6 68. f3 e3 69. Rxd3 e2 0-1

[Event "SLO-chT (Women)"]
[Site "Slovenia"]
[Date "2010.??.??"]
[Round "3"]
[White "Ursic, Simona"]
[Black "Orehek, Spela"]
[Result "0-1"]
[WhiteElo "2060"]
[BlackElo "1870"]
[PlyCount "118"]
[EventDate "2010.??.??"]
[EventType "team-tourn"]
[EventRounds "9"]
[EventCountry "SLO"]
[SourceTitle "EXT 2012"]
[Source "ChessBase"]
[SourceDate "2011.11.24"]
[SourceVersion "1"]
[SourceVersionDate "2011.11.24"]
[SourceQuality "1"]

1. e4 d5 2. exd5 Nf6 3. Nc3 Nbd7 4. d4 Nb6 5. Nf3 Nbxd5 6. Bc4 Bg4 7. 0-0 e6 8. Re1 Be7 9. Ne4 c6 10. c3 0-0 11. h3 Nxe4 12. hxg4 Nd6 13. Bd3 h6 14. Bc2 Nf6 15. Qd3 c5 16. c4 cxd4 17. g5 hxg5 18. Bxg5 g6 19. Rxe6 Nf5 20. Re5 Ng7 21. Nxd4 Bd6 22. Rd5 Qe7 23. Nf3 Bc7 24. Re1 Ne6 25. Nh4 Rae8 26. Ba4 Qb4 27. Rd1 Nxg5 28. Bxe8 Rxe8 29. Nf3 Nxf3+ 30. gxf3 Nxd5 31. Qxd5 Re1+ 32. Rxe1 Qxe1+ 33. Kg2 Qb4 34. b3 Bb6 35. Qxb7 Qd2 36. Qb8+ Kg7 37. Qe5+ Kh7 38. Qh2+ Kg8 39. Qb8+ Qd8 40. Qe5 Qd4 41. Qe2 Bc5 42. Kf1 Bb4 43. Kg2 Bc3 44. Qe7 Kg7 45. a3 a6 46. c5 Qf6 47. Qe4 Qe5 48. Qc4 Qd4 49. Qxa6 Qxc5 50. b4 Qg5+ 51. Kf1 Qc1+ 52. Kg2 Bd4 53. Qe2 Qxa3 54. b5 Qb2 55. Qxb2 Bxb2 56. b6 Be5 57. Kh3 g5 58. Kg4 Kg6 59. Kh3 Kf5 0-1

[Event "SLO-chT2 West"]
[Site "Postojna"]
[Date "2009.10.25"]
[Round "5.4"]
[White "Pregarac, Valter"]
[Black "Ursic, Simona"]
[Result "1-0"]
[WhiteElo "2098"]
[BlackElo "2053"]
[PlyCount "89"]
[EventDate "2009.10.23"]
[EventType "team-tourn"]
[EventRounds "9"]
[EventCountry "SLO"]
[SourceTitle "EXT 2010"]
[Source "ChessBase"]
[SourceDate "2010.11.25"]
[SourceVersion "1"]
[SourceVersionDate "2010.11.25"]
[SourceQuality "1"]
[WhiteTeam "Piran"]
[BlackTeam "Tolmin Hidria"]
[WhiteTeamCountry "SLO"]
[BlackTeamCountry "SLO"]

1. d4 d6 2. Nf3 Nf6 3. c4 Nbd7 4. Nc3 c6 5. e3 e5 6. Be2 Be7 7. 0-0 0-0 8. Qc2 Re8 9. b4 Bf8 10. b5 a6 11. bxc6 bxc6 12. Ba3 Qa5 13. Bb2 Bb7 14. Rab1 Rab8 15. Qa4 Qc7 16. Ba3 exd4 17. exd4 c5 18. d5 Nb6 19. Qc2 g6 20. h3 Bc8 21. Bd3 Bg7 22. Bc1 Bd7 23. Bd2 Rb7 24. Nh4 Reb8 25. f4 Nc8 26. Rxb7 Qxb7 27. Bc1 Ne7 28. f5 Qb6 29. fxg6 fxg6 30. Kh1 Nh5 31. Ne2 Qa5 32. Bd2 Qa3 33. Bc1 Qb4 34. Bg5 Ba4 35. Qc1 Qb7 36. g4 Nxd5 37. Be4 Bc6 38. gxh5 Ne7 39. Bg2 Bxg2+ 40. Nxg2 Qe4 41. Qe3 Qxe3 42. Nxe3 Rb2 43. Bxe7 Rxe2 44. Nd5 Be5 45. h6 1-0

[Event "SLO-chT2 West"]
[Site "Postojna"]
[Date "2009.10.24"]
[Round "3.4"]
[White "Rojs, Igor"]
[Black "Ursic, Simona"]
[Result "0-1"]
[WhiteElo "1868"]
[BlackElo "2053"]
[PlyCount "114"]
[EventDate "2009.10.23"]
[EventType "team-tourn"]
[EventRounds "9"]
[EventCountry "SLO"]
[SourceTitle "EXT 2010"]
[Source "ChessBase"]
[SourceDate "2010.11.25"]
[SourceVersion "1"]
[SourceVersionDate "2010.11.25"]
[SourceQuality "1"]
[WhiteTeam "Trzin"]
[BlackTeam "Tolmin Hidria"]
[WhiteTeamCountry "SLO"]
[BlackTeamCountry "SLO"]

1. d4 Nf6 2. c4 d6 3. Nc3 Nbd7 4. Nf3 c6 5. e4 e5 6. Be2 Be7 7. 0-0 a6 8. b3 0-0 9. Ba3 Re8 10. dxe5 dxe5 11. Bxe7 Qxe7 12. Qc2 Nf8 13. Rfd1 Ng6 14. g3 h5 15. h4 Ng4 16. Na4 b5 17. cxb5 cxb5 18. Nc5 Nf8 19. Rd5 Nd7 20. Rad1 Ngf6 21. Nxd7 Nxd5 22. Rxd5 Bxd7 23. Rxe5 Qb4 24. a3 Qxa3 25. Rxh5 Rac8 26. Qd3 Bg4 27. Rg5 Red8 28. Qe3 Qc1+ 29. Qxc1 Rxc1+ 30. Kg2 Bxf3+ 31. Bxf3 Rc3 32. b4 Rc4 33. h5 Kf8 34. Rf5 Rxb4 35. h6 gxh6 36. e5 Ke7 37. Bh5 Rf8 38. Rf6 a5 39. Rxh6 a4 40. Ra6 Rb3 41. f4 a3 42. f5 Rb2+ 43. Kf3 a2 44. Ra7+ Kd8 45. Ke4 Kc8 46. e6 fxe6 47. fxe6 Rf1 48. Kd5 Rd2+ 49. Kc6 Rc1+ 50. Kb6 a1Q 51. Rxa1 Rxa1 52. e7 Re1 53. e8Q+ Rxe8 54. Bxe8 b4 55. Bf7 Rd3 56. g4 b3 57. Bg6 Rd6+ 0-1

[Event "SLO-chT (Women)"]
[Site "Rogaska Slatina"]
[Date "2009.04.03"]
[Round "6"]
[White "Bucar, Natasa"]
[Black "Ursic, Simona"]
[Result "1-0"]
[WhiteElo "1938"]
[BlackElo "2070"]
[PlyCount "67"]
[EventDate "2009.03.27"]
[EventType "team-tourn"]
[EventRounds "9"]
[EventCountry "SLO"]
[SourceTitle "CBM 129 Extra"]
[Source "ChessBase"]
[SourceDate "2009.05.05"]
[SourceVersion "2"]
[SourceVersionDate "2009.05.20"]
[SourceQuality "1"]

1. e4 e5 2. Nf3 Nc6 3. Bb5 a6 4. Bxc6 dxc6 5. Nc3 Qd6 6. d4 exd4 7. Nxd4 Bd7 8. Be3 0-0-0 9. f4 g6 10. Qf3 h5 11. h3 Bg7 12. 0-0-0 Qb4 13. Qe2 Nf6 14. a3 Qe7 15. Nb3 Bh6 16. Nc5 Bxf4 17. Nxa6 Bxe3+ 18. Qxe3 b6 19. Rhf1 Kb7 20. Nxc7 Qe5 21. Na4 c5 22. Rxf6 Qxf6 23. Nd5 Qc6 24. Naxb6 Be6 25. Qb3 Ka7 26. Qc3 Bxd5 27. Nxd5 Rhe8 28. Rf1 f5 29. Nf6 Re6 30. e5 Qb5 31. Re1 Rd4 32. Qg3 Qc4 33. b3 Qd5 34. Nxd5 1-0

[Event "SLO-chT (Women)"]
[Site "Rogaska Slatina"]
[Date "2009.03.28"]
[Round "4"]
[White "Vombek, Sara"]
[Black "Ursic, Simona"]
[Result "0-1"]
[WhiteElo "1877"]
[BlackElo "2070"]
[PlyCount "84"]
[EventDate "2009.03.27"]
[EventType "team-tourn"]
[EventRounds "9"]
[EventCountry "SLO"]
[SourceTitle "CBM 129 Extra"]
[Source "ChessBase"]
[SourceDate "2009.05.05"]
[SourceVersion "2"]
[SourceVersionDate "2009.05.20"]
[SourceQuality "1"]

1. Nf3 Nf6 2. b3 d6 3. Bb2 e5 4. d3 c6 5. e3 Be7 6. Be2 0-0 7. 0-0 Nbd7 8. Nbd2 Re8 9. c4 a6 10. Qc2 Bf8 11. Rac1 b6 12. Qb1 Bb7 13. Bd1 Rc8 14. Bc2 d5 15. Qa1 Bd6 16. a3 Qe7 17. Rfe1 e4 18. dxe4 dxe4 19. Nd4 Qe5 20. Nf1 Qh5 21. Ne2 c5 22. Rcd1 Bb8 23. Neg3 Qg5 24. Rd2 Ne5 25. Kh1 h5 26. Qb1 Neg4 27. h3 h4 28. Bxf6 Nxf6 29. Ne2 Nh5 30. Nc3 Qe5 31. Nd5 Re6 32. Bd1 Nf6 33. Nxf6+ Rxf6 34. Bg4 Re8 35. Qb2 Qg5 36. Nh2 Be5 37. Qc2 Rg6 38. Rg1 f5 39. Bd1 f4 40. exf4 Qxf4 41. Nf1 Rf6 42. Bg4 e3 0-1

[Event "Nova Gorica op-B 14th"]
[Site "Nova Gorica"]
[Date "2009.01.31"]
[Round "2"]
[White "Petrovic, Marko"]
[Black "Ursic, Simona"]
[Result "1/2-1/2"]
[WhiteElo "1945"]
[BlackElo "2070"]
[PlyCount "31"]
[EventDate "2009.01.31"]
[EventType "swiss"]
[EventRounds "9"]
[EventCountry "SLO"]
[SourceTitle "EXT 2011"]
[Source "ChessBase"]
[SourceDate "2010.11.26"]
[SourceVersion "1"]
[SourceVersionDate "2010.11.26"]
[SourceQuality "1"]

1. d4 Nf6 2. c4 d6 3. Nc3 Nbd7 4. Nf3 c6 5. e3 e5 6. Be2 Be7 7. 0-0 0-0 8. Qc2 a6 9. b3 b6 10. Bb2 Bb7 11. Rad1 Qc7 12. Qf5 Rfe8 13. Bd3 g6 14. Qh3 Red8 15. Ng5 Bf8 16. f4 1/2-1/2

[Event "SLO-chT (Women)"]
[Site "Kozje"]
[Date "2008.12.05"]
[Round "7"]
[White "Ursic, Simona"]
[Black "Nadvesnik, Maja"]
[Result "1/2-1/2"]
[WhiteElo "2080"]
[BlackElo "1848"]
[PlyCount "119"]
[EventDate "2008.11.27"]
[EventType "team-tourn"]
[EventRounds "9"]
[EventCountry "SLO"]
[SourceTitle "CBM 127 Extra"]
[Source "ChessBase"]
[SourceDate "2009.01.08"]
[SourceVersion "2"]
[SourceVersionDate "2009.01.28"]
[SourceQuality "1"]

1. e4 e5 2. Nf3 Nc6 3. Bc4 Nf6 4. d3 Be7 5. 0-0 0-0 6. Re1 d6 7. a4 Be6 8. Nbd2 Qd7 9. a5 a6 10. c3 Rfe8 11. Qb3 Bf8 12. Nf1 Bxc4 13. Qxc4 d5 14. Qb3 d4 15. Bg5 Re6 16. cxd4 exd4 17. Rec1 Rb8 18. Ra4 Ng4 19. Bf4 Nge5 20. Bxe5 Nxe5 21. Nxd4 Rd6 22. Nf5 Rxd3 23. Qc2 c6 24. N5e3 Rd8 25. f4 Ng6 26. Qf2 Be7 27. Rac4 Bh4 28. g3 Be7 29. Nf5 Bf6 30. Kh1 Qe6 31. Qe2 Ne7 32. N5e3 Nc8 33. e5 Be7 34. R4c3 Rxc3 35. bxc3 Qb3 36. Qc4 Qa3 37. Rb1 Rd7 38. e6 Nd6 39. exf7+ Nxf7 40. Qe6 Qd6 41. f5 Kf8 42. g4 Ng5 43. Qxd6 Bxd6 44. Nc4 Bf4 45. Kg2 Nf7 46. Kf3 Ne5+ 47. Kxf4 Nxc4 48. Ne3 Nxa5 49. g5 c5 50. h4 Nc6 51. h5 b5 52. Ng4 Rd3 53. Ne5 Rd6 54. Ra1 Nxe5 55. Kxe5 Ke7 56. Rb1 Rd3 57. Ra1 Rd6 58. Rb1 c4 59. Ra1 Kd7 60. Ra2 1/2-1/2

[Event "SLO-chT (Women)"]
[Site "Kozje"]
[Date "2008.12.04"]
[Round "6"]
[White "Hari, Veronika"]
[Black "Ursic, Simona"]
[Result "1/2-1/2"]
[WhiteElo "2003"]
[BlackElo "2080"]
[PlyCount "21"]
[EventDate "2008.11.27"]
[EventType "team-tourn"]
[EventRounds "9"]
[EventCountry "SLO"]
[SourceTitle "CBM 127 Extra"]
[Source "ChessBase"]
[SourceDate "2009.01.08"]
[SourceVersion "2"]
[SourceVersionDate "2009.01.28"]
[SourceQuality "1"]

1. e4 e5 2. Nf3 Nc6 3. d4 exd4 4. Nxd4 Bc5 5. Be3 Qf6 6. c3 Nge7 7. Be2 d5 8. 0-0 dxe4 9. Nb5 Bd6 10. Nxd6+ cxd6 11. f3 1/2-1/2

[Event "SLO-ch (Women)"]
[Site "Ljubljana"]
[Date "2008.08.21"]
[Round "6"]
[White "Ursic, Simona"]
[Black "Orehek, Spela"]
[Result "1-0"]
[WhiteElo "2120"]
[BlackElo "1886"]
[PlyCount "105"]
[EventDate "2008.08.17"]
[EventType "swiss"]
[EventRounds "9"]
[EventCountry "SLO"]
[SourceTitle "CBM 125 Extra"]
[Source "ChessBase"]
[SourceDate "2008.09.01"]
[SourceVersion "1"]
[SourceVersionDate "2008.09.01"]
[SourceQuality "1"]

1. e4 d6 2. d4 Nf6 3. Bd3 e5 4. c3 c6 5. Bg5 Nbd7 6. Nf3 Qc7 7. 0-0 Be7 8. Nbd2 0-0 9. Re1 Re8 10. a4 b6 11. Nc4 Bb7 12. Qc2 Bf8 13. Rad1 a6 14. Ne3 h6 15. Bh4 Nh5 16. dxe5 dxe5 17. Bc4 Nc5 18. Ba2 b5 19. a5 Ne6 20. b4 Rac8 21. Qb2 Nef4 22. c4 bxc4 23. Nxc4 Ng6 24. Nb6 Nxh4 25. Rd7 Nxf3+ 26. gxf3 Qb8 27. Bxf7+ Kh8 28. Nxc8 Bxc8 29. Bxe8 Bxd7 30. Bxh5 Qd6 31. Qe2 Qxb4 32. Rd1 Qb7 33. Qd3 Be6 34. Qd8 Kg8 35. Bg4 Bxg4 36. fxg4 Qb4 37. f3 Qc5+ 38. Kg2 Qc2+ 39. Rd2 Qc3 40. Rd1 Qc5 41. Qd2 Be7 42. Rb1 Qc4 43. Rc1 Qb5 44. Qa2+ Kh7 45. Rd1 Bg5 46. Rb1 Qc5 47. Rb8 Qd6 48. Ra8 c5 49. Qd5 Qc7 50. Rxa6 Bf4 51. Ra8 c4 52. Qg8+ Kg6 53. Ra6+ 1-0

[Event "SLO-ch (Women)"]
[Site "Ljubljana"]
[Date "2008.08.18"]
[Round "2"]
[White "Bucar, Natasa"]
[Black "Ursic, Simona"]
[Result "0-1"]
[WhiteElo "1848"]
[BlackElo "2120"]
[PlyCount "118"]
[EventDate "2008.08.17"]
[EventType "swiss"]
[EventRounds "9"]
[EventCountry "SLO"]
[SourceTitle "CBM 125 Extra"]
[Source "ChessBase"]
[SourceDate "2008.09.01"]
[SourceVersion "1"]
[SourceVersionDate "2008.09.01"]
[SourceQuality "1"]

1. e4 e5 2. Nf3 Nc6 3. Nc3 Nf6 4. d4 exd4 5. Nxd4 Bb4 6. Nxc6 bxc6 7. Bd3 d5 8. exd5 cxd5 9. 0-0 0-0 10. Bg5 c6 11. Qf3 Be7 12. Rae1 Re8 13. Qg3 Be6 14. Rxe6 fxe6 15. Qh3 Qd7 16. Bxf6 Bxf6 17. Bxh7+ Kf7 18. Re1 Rh8 19. Qd3 Rab8 20. Ne4 Qe7 21. Bg6+ Kf8 22. Nxf6 gxf6 23. Qa6 Rb6 24. Qa4 Rh6 25. Bf5 e5 26. c3 Qc7 27. Qc2 e4 28. Bh3 Qg7 29. Kh1 Qg5 30. Qe2 f5 31. f3 Rh4 32. b3 Rb7 33. Qa6 Rg7 34. Qc8+ Kf7 35. Qxf5+ Qxf5 36. Bxf5 exf3 37. gxf3 Kf6 38. Bg4 Re7 39. Rxe7 Kxe7 40. Kg2 Kf6 41. Kg3 Rh7 42. f4 Re7 43. Kf3 a5 44. h3 c5 45. Kf2 Re4 46. f5 a4 47. Kf3 a3 48. Kf2 d4 49. cxd4 cxd4 50. b4 Re3 51. b5 Rb3 52. Be2 Rb2 53. Kf3 Rxa2 54. Bc4 Rc2 55. Be6 d3 56. b6 Rb2 57. Bd5 Rxb6 58. Ke3 d2 59. Kxd2 Rd6 0-1